|
|
|
|
| LEADER |
00000nab a2200000 a 4500 |
| 001 |
vtls000382510 |
| 003 |
SK-MaSNL |
| 005 |
20260304234331.0 |
| 008 |
250424c1990 xo 0 slo |
| 015 |
|
|
|a SNBRB19rr/mm-uuuuu
|
| 035 |
|
|
|a CL0382632
|
| 035 |
|
|
|a urn:nbn:sk:snk-abbkhm
|
| 035 |
|
|
|a (urnnbn)urn:nbn:sk:snk:ar-002lvr
|
| 035 |
|
|
|a (uuid)c0d7d8e7-0931-4185-996a-2a3156e8996e
|
| 040 |
|
|
|a SNKBUCL
|b slo
|c SNKBUCL
|e AACR2
|
| 041 |
0 |
|
|a slo
|
| 044 |
|
|
|a xo
|c SK
|
| 080 |
|
|
|a 885.4-3
|2 1981
|
| 100 |
1 |
|
|a Remiš, Peter,
|d 1961-
|4 aut
|9 261985
|
| 245 |
1 |
0 |
|a Svetlá malomesta
|c Peter Remiš
|
| 500 |
|
|
|a Informácia o autorovi.
|
| 650 |
0 |
7 |
|a poviedky psychologické
|2 snkbucl
|9 893883
|
| 655 |
|
7 |
|a články z novín a časopisov
|2 snkbucl
|9 267496
|
| 773 |
0 |
|
|t Dotyky
|g Roč. 2, č. 5 (1990), s. 34-35
|
| 850 |
|
|
|a Slovenská národná knižnica
|
| 852 |
|
|
|a Slovenská národná knižnica
|
| 958 |
|
|
|a article15
|
| 958 |
|
|
|a OND
|
| 958 |
|
|
|a RK
|
| 958 |
|
|
|a LX
|
| 958 |
|
|
|a EUIPO
|
| 992 |
|
|
|a RBX
|
| 999 |
|
|
|c 3203410
|d 3205340
|